The dynamics of education (Record no. 12264)
[ view plain ]
| 000 -LEADER | |
|---|---|
| fixed length control field | 01520nam a2200373 a 4500 |
| 082 04 - DEWEY DECIMAL CLASSIFICATION NUMBER | |
| Classification number | 370.1 |
| 100 1# - MAIN ENTRY--AUTHOR NAME | |
| Personal name | Taba, Hilda, |
| 245 14 - TITLE STATEMENT | |
| Title | The dynamics of education |
| 260 ## - PUBLICATION, DISTRIBUTION, ETC. (IMPRINT) | |
| Place of publication | London : |
| Name of publisher | Routledge, |
| Year of publication | 1999, c1932. |
| 300 ## - PHYSICAL DESCRIPTION | |
| Number of Pages | xvi, 278 p. |
| 490 1# - SERIES STATEMENT | |
| Series statement | The international library of psychology. developmental psychology ; |
| 500 ## - GENERAL NOTE | |
| General note | Originally published: London : Kegan Paul, 1932. |
| 650 #0 - SUBJECT ADDED ENTRY--TOPICAL TERM | |
| Topical Term | Learning, Psychology of. |
| Topical Term | Education |
| 856 40 - ELECTRONIC LOCATION AND ACCESS | |
| Uniform Resource Identifier | http://site.ebrary.com/lib/rucke/Doc?id=10017245 |
No items available.
